00424nam a2200133Ia 450000500170000000800410001708200160005810000190007424501060009326000490019930000180024865000130026665000110027920240430042220.0240331s9999 xx 000 0 und d bKURa331.62 aKurian, Rachel 0aState, capital and labour in the plantation industry in Sri Lanka 1834-1984 :bThesiscRachel, Kurian aHoek spuibGeboren te trichur ( india)c1989 axxv, 405 p ., aEconomic aLabour